Δήμοι της Ελλάδας που Αρχίζουν από Θ - Statistics

General Stats
  • This quiz has been taken 7 times
  • The average score is 4 of 7
Answer Stats
Δήμος % Correct
Θάσου
83%
Θερμαϊκού
67%
Θεσσαλονίκης
67%
Θηβαίων
67%
Θέρμης
50%
Θήρας
33%
Θέρμου
17%
No matching quizzes found
Score Distribution
Percent of People with Each Score
Percentile by Number Answered
Your Score History
You have not taken this quiz